Guess the 1960s song lyrics #208 - Statistics

General Stats
  • This quiz has been taken 21 times
  • The average score is 73 of 140
Answer Stats
Answer % Correct
a
95%
the
95%
I
90%
love
85%
and
80%
And
80%
be
80%
do
80%
it
80%
no
80%
you
80%
In
75%
on
75%
as
70%
of
70%
so
70%
to
70%
you're
70%
how
65%
me
65%
this
60%
baby
55%
I'll
55%
my
55%
now
55%
oh
55%
she
55%
But
50%
Here
50%
here
50%
time
50%
that's
45%
Well
45%
every
40%
mine
40%
Never
40%
never
40%
try
40%
You'll
40%
another
35%
comes
35%
keep
35%
out
35%
With
35%
with
35%
alone
30%
fine
30%
forever
30%
matter
30%
surprise
30%
call
25%
guy
25%
picture
25%
walk
25%
long
20%
midnight
20%
walking
20%
Walking
20%
lonely
15%
moonlight
15%
names
15%
phone
15%
same
15%
seeing
15%
talking
15%
mile
10%
Tremeloes
10%
becomes
5%
No matching quizzes found
Score Distribution
Percent of People with Each Score
Percentile by Number Answered
Your Score History
You have not taken this quiz